Maiores Cidades do Sul do Brasil de A a Z - Statistics

Estatísticas Gerais
  • Esse quiz foi jogado 80 vezes
  • A pontuação média é 13 de 25
Estatísticas das Respostas
Letra Cidade População Estado % Correto
C Curitiba 1.773.718 PR
100%
J Joinville 616.317 SC
95%
P Porto Alegre 1.332.845 RS
95%
F Florianópolis 537.211 SC
94%
L Londrina 563.943 PR
91%
M Maringá 409.657 PR
88%
B Blumenau 361.261 SC
86%
N Novo Hamburgo 227.646 RS
64%
I Itajaí 264.054 SC
62%
E Erechim 105.705 RS
59%
U Uruguaiana 117.210 RS
55%
X Xanxerê 52.290 SC
53%
V Viamão 224.112 RS
52%
G Gravataí 265.074 RS
50%
S São José dos Pinhais 329.628 PR
50%
T Toledo 150.470 PR
45%
R Rio Grande 191.900 RS
44%
A Alvorada 187.315 RS
42%
O Osório 46.815 RS
30%
Z Zortéa 3.432 SC
23%
K Kaloré 3.996 PR
20%
W Wenceslau Braz 19.358 PR
17%
H Herval d'Oeste 22.820 SC
15%
D Dom Pedrito 38.222 RS
12%
Q Quedas do Iguaçu 34.707 PR
6%
Nenhum quiz correspondente encontrado
Distribuição das Pontuações
Porcentagem de Pessoas com Cada Pontuação
Percentil de Números Respondidos
Sua Pontuação Histórica
Você não jogou esse quiz